Corporate communication/ (Record no. 164313)

MARC details
000 -LEADER
fixed length control field 00571nam a22001817a 4500
005 - DATE AND TIME OF LATEST TRANSACTION
control field 20190516105113.0
010 ## - LCCN (DPL NO)
LC control number ENG-125188
020 ## - INTERNATIONAL STANDARD BOOK NUMBER
International Standard Book Number 9788123417806
Terms of availability 70.00
035 ## - SYSTEM CONTROL NUMBER
System control number EN-108720
037 ## - SOURCE OF ACQUISITION
Source of stock number/acquisition DBAD/PUB
082 ## - DEWEY DECIMAL CLASSIFICATION NUMBER
Classification number 658.45
245 ## - TITLE STATEMENT
Title Corporate communication/
Statement of responsibility, etc ed. by C.Bagavathi Sundaram
260 ## - PUBLICATION, DISTRIBUTION, ETC. (IMPRINT)
Place of publication, distribution, etc Chennai
Name of publisher, distributor, etc New Century Book House
Date of publication, distribution, etc 2011
270 ## - ADDRESS
Address 41-B, Sidco Industrial Estate
City Ambattur, Chennai
Postal code 600098
Telephone number 26258410, 26251968
300 ## - PHYSICAL DESCRIPTION
Extent 128p.
Dimensions 21cm(pbk)
700 ## - ADDED ENTRY--PERSONAL NAME
Personal name Sundaram, Bagavathi C.
942 ## - ADDED ENTRY ELEMENTS (KOHA)
Source of classification or shelving scheme Dewey Decimal Classification
Item type English Books
Classification part 658.45
Call number suffix COR
Holdings
Withdrawn status Lost status Not for loan Collection code Home library Current library Date acquired Source of acquisition Cost, normal purchase price Full call number Barcode Copy number Cost, replacement price Koha item type
    Not For Loan Non-fiction D.B.Act.Division Central Library 16/05/2019 DBAD/PUB 70.00 658.45 COR EN-108720 1 70.00 English Books

© Delhi Public Library
Hit Counter
free hit counter